O livro de ir à Índia (Registo nº 3959)

Detalhes MARC
000 -Etiqueta do registo
Cabeçalho 01005nam0a2200313 4500
005 - Identificador da versão
Campo de controlo 20240813122049.0
010 ## - Número internacional normalizado dos livros (ISBN)
Número (ISBN) 9726996252
021 ## - Número do Depósito Legal
Código do país PT
Número 160593/01
100 ## - Dados gerais de processamento
Dados gerais de processamento 20190318d2001 am y0pory5003 ba
102 ## - Pais de publicação ou produção
País de publicação Portugal
101 0# - Língua de publicação
Língua do texto, banda sonora, etc. Português
215 ## - Descrição física 
Indicação específica da natureza do documento e extensão da espécie 56, [5] p.
Outras indicações físicas il. color
200 1# - Titulo e menção de responsabilidade
Título próprio O livro de ir à Índia
Informação de outro título de como Gil Lopes foi à Ìndia e voltou
Primeira menção de responsabilidade José Jorge Letria
Outras menções de responsabilidade il. de Lídia Lobo Martins
225 1# - Colecção 
Título próprio da colecção Na rota da aventura
205 ## - Menção da edição
Menção da edição 1ª ed
210 ## - Publicação, Distribuição, etc. 
Lugar da edição, distribuição, etc. Lisboa
Nome do editor, distribuidor, etc. Vega
Data da publicação, distribuição, etc. D. L. 2001
300 ## - Notas gerais 
Texto da nota PNL
606 ## - Nome comum usado como assunto
Número de registo de entrada de autoridade 0002089
Palavra de ordem Literatura portuguesa
Subdivisão de assunto Narrativa de viagens
Código do sistema CA
Número de registo de entrada de autoridade 0002090
Palavra de ordem Literatura portuguesa
Subdivisão de assunto História
Código do sistema CA
675 ## - Classificação Decimal Universal (CDU)
Notação 821.134.3-94
Edição 3ª ed.
Língua da edição por
Notação 821.134.3-992
Edição 3ª ed.
Língua da edição por
702 #1 - Nome de autor-pessoa física (responsabilidade secundária)
Número de registo de entrada de autoridade 0000440
Palavra de ordem Martins
Outra parte do nome não tomada para palavra de ordem Lídia Lobo
Código de função Ilustrador / Técnico de desenho computorizado
Número de registo de entrada de autoridade 0000441
Palavra de ordem Araújo
Outra parte do nome não tomada para palavra de ordem Alice
Código de função Autor de recensão / Crítico
700 #1 - Nome de autor-pessoa física (responsabilidade principal)
Número de registo de entrada de autoridade 0000273
Palavra de ordem Letria
Outra parte do nome não tomada para palavra de ordem José Jorge
Datas 1951-
966 ## - Identificação da Biblioteca
Sigla EBVEN
942 ## - Elementos de entrada adicionados (Koha)
Tipo de item no Koha Livro
Exemplares
Situação do levantamento Origin of item (home branch) (coded) Biblioteca de empréstimo Código de barras Cota Circulation type (not for loan) Tipo de documento Nota do exemplar Damaged status
  Biblioteca Escolar das Vendas Biblioteca Escolar das Vendas BEV1876 8POR LET PNL   Livro Sem mensagem